Central Library OPAC University of Rajshahi
Normal view MARC view

Entry Personal Name

Number of records used in: 2

001 - CONTROL NUMBER

  • control field: 14265

003 - CONTROL NUMBER IDENTIFIER

  • control field: BD-RjUL

005 - DATE AND TIME OF LATEST TRANSACTION

  • control field: 20241114115443.0

008 - FIXED-LENGTH DATA ELEMENTS

  • fixed length control field: 241114|| aca||aabn | a|a d

040 ## - CATALOGING SOURCE

  • Original cataloging agency: BD-RjUL
  • Transcribing agency: BD-RjUL

100 ## - HEADING--PERSONAL NAME

  • Personal name: ভাসানী, মওলানা

670 ## - SOURCE DATA FOUND

  • Source citation: Work cat.: (BD-RjUL)84304: দস্তিদার, বর্ণালী ঘোষ 14264, জননায়ক মওলানা ভাসানী আব্দুল হামিদ খান /, ২০২৩